000 00292nam a22001337a 4500
008 170412b xxu||||| |||| 00| 0 eng d
020 _a9780323037648
041 _aeng
080 _29TH
_a612.39
100 _a10
101 _ashm
245 _aESSENTIALS
_cSCHLENKER, E.D
942 _2udc
_cBK
999 _c10494
_d10494